000 00561nam a22002177a 4500
001 T027600001764
008 181111b xve|||||r|||| 00| | esp d
020 _a968-26-0043-X
099 _a330
_bD2781
_cCota Rep. 1
100 _aDe Garmo, Paúl E
245 _aIngeniería económica.
260 _a1980
300 _a642
500 _a
650 _aAnálisis de valores.
650 _aFinanciamiento y presupuesto de capital.
650 _aImpuestos sobre la renta
650 _aProyectos públicos.
700 _aCanada, John R.
_e
942 _cLIB
999 _c2936
_d2936